000 00989nas a2200289 4500
001 BR9206194
003 BR-BrBNA
005 20231205092910.0
007 ta
008 230509b bl.|||p| |||| 00| 00por d
040 _aBR-BrBNA
_bpor
_cBiblioteca Nacional de Agricultura
041 _a(Pt)
072 _aL74
100 1 _aWerner, P.R.
100 1 _aDiniz, J.M.F.
100 1 _aPaske, A.
100 1 _aCirio, S.M.
245 1 _aIntoxicacao natural por plantas toxicas produzindo disturbios nervosos em bufalos (Bubalus bubalis)no estado do Parana
246 1 _aNatural intoxication by poisonous plants, which produce nervous disturbs in buffalos (Bubalus bubalis)in the state of Parana, Brazil
650 _aBUFALO
650 _aPLANTA TOXICA
650 _aINTOXICACAO ANIMAL
650 _aPARANÁ
773 0 _tHora Veterinaria (Brazil)
_xISSN 0101-9163
_g(Nov-Dec 1990), v. 10(58) p. 1-3
_wBR9206194
909 _a202311
_bLúcia
_c55
_dLúcia Elande
942 _2AGRIS
_n0
_cANA
999 _c134967
_d134967